<?xml version="1.0" encoding="UTF-8"?>
<collection xmlns="http://www.loc.gov/MARC21/slim">
  <record>
    <leader>00000nam  2200000   4500</leader>
    <controlfield tag="001">INLIS000000000013207</controlfield>
    <controlfield tag="005">20220809104304</controlfield>
    <datafield tag="035" ind1="#" ind2="#">
      <subfield code="a">0010-0822000008</subfield>
    </datafield>
    <datafield tag="245" ind1="1" ind2="#">
      <subfield code="a">Strategi Peningkatan Keselamatan Lalu Lintas melalui Zona Selamat Pariwisata dan Uji Kir (SEPINTAS ZIKIR) Dinas Perhubungan Pemerintah Kabupaten Bintan /</subfield>
      <subfield code="c">Moh. Insan Amin, S.E., M.H.</subfield>
    </datafield>
    <datafield tag="100" ind1="1" ind2="#">
      <subfield code="a">AMIN, Moh. Insan</subfield>
    </datafield>
    <datafield tag="250" ind1="#" ind2="#">
      <subfield code="a">1</subfield>
    </datafield>
    <datafield tag="300" ind1="#" ind2="#">
      <subfield code="a">56 halaman ; lampiran :</subfield>
      <subfield code="b">ilustrasi ;</subfield>
      <subfield code="c">30 cm</subfield>
    </datafield>
    <datafield tag="260" ind1="#" ind2="#">
      <subfield code="a">Samarinda :</subfield>
      <subfield code="b">Puslatbang KDOD,</subfield>
      <subfield code="c">2020</subfield>
    </datafield>
    <datafield tag="084" ind1="#" ind2="#">
      <subfield code="a">PKN 293 2020</subfield>
    </datafield>
    <datafield tag="650" ind1="#" ind2="4">
      <subfield code="a">Proyek Perubahan</subfield>
    </datafield>
    <datafield tag="650" ind1="#" ind2="4">
      <subfield code="a">Kepemimpinan Nasional Tingkat II</subfield>
    </datafield>
    <datafield tag="650" ind1="#" ind2="4">
      <subfield code="a">teknologi informasi</subfield>
    </datafield>
    <datafield tag="650" ind1="#" ind2="4">
      <subfield code="a">sistem informasi</subfield>
    </datafield>
    <datafield tag="650" ind1="#" ind2="4">
      <subfield code="a">manajemen database</subfield>
    </datafield>
    <datafield tag="650" ind1="#" ind2="4">
      <subfield code="a">inovasi pemerintah</subfield>
    </datafield>
    <datafield tag="650" ind1="#" ind2="4">
      <subfield code="a">keamanan masyarakat</subfield>
    </datafield>
    <datafield tag="650" ind1="#" ind2="4">
      <subfield code="a">layanan lalu lintas</subfield>
    </datafield>
    <datafield tag="650" ind1="#" ind2="4">
      <subfield code="a">layanan pariwisata</subfield>
    </datafield>
    <datafield tag="520" ind1="#" ind2="#">
      <subfield code="a">Laporan proyek perubahan ini didorong sering terjadinya kecelakaan fatal di kawasan pariwisata Jalan Wisata Bahari Kabupaten Bintan yang membuat Dinas Perhubungan beserta stakeholder terkait harus mampu mengelola kecelakanan lalu lintas (lakalantas) dengan berbagai macam preventif . Proyek ini diprioritaskan melalui dua hal yaitu pelayanan umum dengan pembangunan Zona Selamat Pariwisata dan PElayan TEknis dengan memastikan kendaraan yang dikendarai dalam keadaan baik dan laik jalan melalui uji emisi gas buang, joint play, lampu /sistem elektrik. Sistem pengereman, spedometer, ketebalan alur ban dan klakson. Dengan dua kegiatan tersebut kinerja Dinas Perhubungan memberikan kepuasan layanan dengan rasa aman, nyaman, dan selamat selama berada di Kabupaten Bintan.</subfield>
    </datafield>
    <datafield tag="500" ind1="#" ind2="#">
      <subfield code="a">Coach : Dr. Ir. Suseno, M.M &#13;
Penguji : Tri Atmojo sejati, S.T., S.H., M.Si.&#13;
Mentor : Drs. Adi Prihantara, MM</subfield>
    </datafield>
    <datafield tag="990" ind1="#" ind2="#">
      <subfield code="a">PKN/293/2020</subfield>
    </datafield>
  </record>
</collection>
